Microbiology / (Record no. 76058)
[ view plain ]
| 000 -LEADER | |
|---|---|
| fixed length control field | 00982nam a2200301 a 4500 |
| 001 - CONTROL NUMBER | |
| control field | 76058 |
| 003 - CONTROL NUMBER IDENTIFIER | |
| rucl marc code | UkOxU |
| 005 - DATE AND TIME OF LATEST TRANSACTION | |
| control field | 20211209082801.0 |
| 008 - FIXED-LENGTH DATA ELEMENTS--GENERAL INFORMATION | |
| fixed length control field | 711124s1965 nyua b 000 0 eng |
| 035 ## - SYSTEM CONTROL NUMBER | |
| System control number | OCLC ocm00190606 from D971013M |
| 040 ## - CATALOGING SOURCE | |
| Original cataloging agency | DLC |
| Transcribing agency | DLC |
| Modifying agency | MCL |
| -- | NLM |
| -- | UKM |
| -- | EQO |
| Language of cataloging | eng |
| 041 ## - LANGUAGE CODE | |
| Language code of text/sound track or separate title | eng |
| 060 0# - NATIONAL LIBRARY OF MEDICINE CALL NUMBER | |
| Classification number | QW 4 |
| Item number | P381m 1965 |
| 082 ## - DEWEY DECIMAL CLASSIFICATION NUMBER | |
| Classification number | 579 |
| Edition number | 23 |
| Author mark and year | PEM 1965 |
| 100 1# - MAIN ENTRY--PERSONAL NAME | |
| Personal name | Pelczar, Michael J. |
| Fuller form of name | (Michael Joseph), |
| Dates associated with a name | 1916- |
| 9 (RLIN) | 233850 |
| 245 10 - TITLE STATEMENT | |
| Title | Microbiology / |
| Statement of responsibility, etc. | Michael J. Pelczar, Roger D. Reid. |
| 250 ## - EDITION STATEMENT | |
| Edition statement | 2nd ed. , International student ed. |
| 260 ## - PUBLICATION, DISTRIBUTION, ETC. (IMPRINT) | |
| Place of publication, distribution, etc. | New York : |
| Name of publisher, distributor, etc. | McGraw-Hill ; |
| Place of publication, distribution, etc. | Tokyo: |
| Name of publisher, distributor, etc. | Kogakusha, |
| Date of publication, distribution, etc. | c1965 |
| 300 ## - PHYSICAL DESCRIPTION | |
| Pagination | viii, 662 p.: |
| Illustrations | ill. ; |
| Size | 25 cm. |
| 504 ## - BIBLIOGRAPHY, ETC. NOTE | |
| Bibliography, etc | Includes bibliographical references and index |
| 650 #0 - SUBJECT ADDED ENTRY--TOPICAL TERM | |
| Topical term or geographic name as entry element | Microbiology. |
| 9 (RLIN) | 233851 |
| Topical term or geographic name as entry element | Microorganisms |
| 9 (RLIN) | 233855 |
| 700 1# - ADDED ENTRY--PERSONAL NAME | |
| Personal name | Reid, Roger Delbert, |
| Dates associated with a name | 1905-1979 , jt. auth. |
| 942 ## - ADDED ENTRY ELEMENTS (KOHA) | |
| Source of classification or shelving scheme | Dewey Decimal Classification |
| Koha item type | Books |
| Lost status | Source of classification or shelving scheme | Damaged status | Not for loan | Collection code | Permanent Location | Current Location | Shelving location | Date acquired | Source of acquisition | Cost, normal purchase price | Total Checkouts | Full call number | Date last seen | Copy number | Koha item type |
|---|---|---|---|---|---|---|---|---|---|---|---|---|---|---|---|
| Dewey Decimal Classification | Not For Loan | Non-fiction | Central Library, University of Rajshahi | Central Library, University of Rajshahi | Reading Room | 31/10/1970 | Swets & zeitlinger | 60.00 | 579 PEM 1965 | 17/10/2019 | C-1 | Books |